ბათუმის შოთა რუსთაველის სახელმწიფო უნივერსიტეტის ბიბლიოთეკა

უსამხრეო მესაზღვრეები (ბიბ.ჩანაწერი № 50033)

000 -LEADER
fixed length control field 00921nam a2200241Ia 4500
001 - CONTROL NUMBER
control field 16971
003 - CONTROL NUMBER IDENTIFIER
control field GE_BSU
008 - FIXED-LENGTH DATA ELEMENTS--GENERAL INFORMATION
fixed length control field 181216s||||||||xx |||||||||||||| ||und||
040 ## - CATALOGING SOURCE
Transcribing agency GE_BSU
080 ## - UNIVERSAL DECIMAL CLASSIFICATION NUMBER
Universal Decimal Classification number 821.353.1-4
100 ## - MAIN ENTRY--PERSONAL NAME
Personal name გუმბერიძე, ოთარ
245 ## - TITLE STATEMENT
Title უსამხრეო მესაზღვრეები
245 ## - TITLE STATEMENT
Remainder of title ბრძოლა საზღვრის დამრღვევებთან
260 ## - PUBLICATION, DISTRIBUTION, ETC.
Place of publication, distribution, etc. თბილისი
260 ## - PUBLICATION, DISTRIBUTION, ETC.
Name of publisher, distributor, etc. საბჭ. საქართველო
260 ## - PUBLICATION, DISTRIBUTION, ETC.
Date of publication, distribution, etc. 1965
300 ## - PHYSICAL DESCRIPTION
Extent 119გვ. ; 20სმ.
653 ## - INDEX TERM--UNCONTROLLED
Uncontrolled term ბრძოლა საზღვრის დამრღვევებთან
653 ## - INDEX TERM--UNCONTROLLED
Uncontrolled term მოთხრობა
653 ## - INDEX TERM--UNCONTROLLED
Uncontrolled term მხატვრ. ნარკვევების კრებული
653 ## - INDEX TERM--UNCONTROLLED
Uncontrolled term უსამხრეო მესაზღვრეები
942 ## - ADDED ENTRY ELEMENTS (KOHA)
Koha item type წიგნი
ეგზემპლარები
Withdrawn status Lost status Damaged status Not for loan Date acquired Barcode Date last seen Price effective from Koha item type Public note
        2018-12-17 21705 2018-12-17 2018-12-17 წიგნი  
        2018-12-17 21706 2018-12-17 2018-12-17 წიგნი  
        2018-12-17 21707 2018-12-17 2018-12-17 წიგნი  
        2018-12-17 41430 2018-12-17 2018-12-17 წიგნი აგრარული ტექ.ფაკ.